MARC

LEADER 00000nam0a2200000 4500
001 33614
005 20231030215234.0
010 |a 5060000435 
035 |a (RuTPU)RU\TPU\book\33969 
035 |a BOOK00000620 
090 |a 33614 
100 |a 20011210d1989 m y0rusy50 ca 
101 0 |a rus 
102 |a RU 
105 |a a j 000zy 
200 1 |a Основы научных исследований  |e учебное пособие  |f Под ред. В. И. Крутова, В. В. Попова 
210 |a Москва  |c Высшая школа  |d 1989 
215 |a 400 с.  |c ил. 
610 1 |a электрические машины 
610 1 |a основы научных исследований 
610 1 |a учебные пособия 
686 |a Ч215я73  |v LBC/SL-A  |2 rubbk 
702 1 |a Крутов  |b В. И.  |g Виталий Иванович  |4 340 
702 1 |a Попов  |b В. В.  |g Валерий Васильевич  |4 340 
801 0 |a RU  |b 63413507  |c 20011210  |g PSBO 
801 2 |a RU  |b 63413507  |c 20160226  |g PSBO 
900 |a Основы научных исследований 
900 |a Методы и средства исследования 
942 |c BK